000 00485nam a2200205Ia 4500
999 _c4550
_d4550
003 0100
008 130227s9999 xx 000 0 und d
040 _cARRUPELIB
050 _aGV561.M145 2008
100 _aMcGinn, Colin
_921468
245 _aSport /
260 _aStocksfield
_bAcumen Publishing Limited
300 _aviii
300 _b 132p. 23cm.
440 _aThe art of living series
_938674
650 _aSport
_xPhilosophy
_938675
942 _2lcc
_cMONOGRAPH